| Tag |
First Indicator |
Second Indicator |
Subfields |
| LEADER |
00000cam a22000008a 4500 |
| 001 |
in00004455708 |
| 005 |
20191202121138.0 |
| 008 |
880927s1988 nyua b 00100 eng |
| 010 |
|
|
|a 88003572
|
| 020 |
|
|
|a 082477938X
|
| 035 |
|
|
|a (OCoLC)17548783
|
| 035 |
|
|
|9 AAA8182MS
|
| 035 |
|
|
|z (UtOrBLW)3292
|
| 035 |
|
|
|a 4979
|
| 040 |
|
|
|a DLC
|c DLC
|d VET
|d TMV
|d UtOrBLW
|
| 049 |
|
|
|a TMVM
|c 1
|
| 050 |
0 |
0 |
|a RC645.7
|b .H46 1988
|
| 059 |
|
|
|l MS/BOOK STKS
|v 2
|t BOOK
|k CIRCULATING
|i 3238900854313
|n NL
|a WH 140
|b H487 1988
|
| 060 |
|
4 |
|a WH 140
|b H487 1988
|
| 245 |
0 |
0 |
|a Hematopoiesis :
|b long-term effects of chemotherapy and radiation /
|c edited by Nydia G. Testa, Robert Peter Gale.
|
| 264 |
|
1 |
|a New York :
|b M. Dekker,
|c [1988]
|
| 264 |
|
4 |
|c ©1988
|
| 300 |
|
|
|a xvi, 413 pages :
|b illustrations ;
|c 24 cm.
|
| 336 |
|
|
|a text
|2 rdacontent
|b txt
|
| 337 |
|
|
|a unmediated
|2 rdamedia
|
| 338 |
|
|
|a volume
|2 rdacarrier
|b nc
|
| 490 |
1 |
|
|a Hematology ;
|v v. 8
|
| 504 |
|
|
|a Includes bibliographies and index.
|
| 650 |
|
2 |
|a Antineoplastic Agents
|x toxicity.
|
| 650 |
|
2 |
|a Hematopoiesis
|x drug effects.
|
| 650 |
|
2 |
|a Hematopoiesis
|x radiation effects.
|
| 700 |
1 |
|
|a Testa, Nydia G.,
|d 1938-
|
| 700 |
1 |
|
|a Gale, Robert Peter.
|
| 830 |
|
0 |
|a Hematology (New York, N.Y.) ;
|v v. 8.
|
| 948 |
|
|
|a Keep until updated per EC; 2003 evaluation, nb 10/02/03.
|
| 999 |
|
|
|a MARS
|
| 999 |
f |
f |
|s 585ff2d0-77bb-39b3-ad7c-72e40deb9d01
|i e4024313-0397-32dd-a2fe-fa7a602dc128
|t 0
|
| 952 |
f |
f |
|p ric
|a Texas A&M University
|b Rellis Campus
|c Joint Library Facility
|d Remote Storage
|t 0
|e WH 140 H487 1988
|h National Library of Medicine classification
|i unmediated -- volume
|m 3238900854313
|
| 998 |
f |
f |
|a WH 140 H487 1988
|t 0
|l Remote Storage
|